Southville International School and Colleges
Your cart is empty.
  • Cart
  • Lists
    Public lists Eva Luna New books Lux_list list_1
    Your lists Log in to create your own lists
  • Log in to your account
  • Your cookies
  • Search history
Southville International School and Colleges
  • Advanced search
  • Recent comments
  • Most popular
  • Libraries

Log in to your account

Log in with GOOGLE


If you do not have an external account, but do have a local account, you can still log in:

  1. Home
  2. MARC view: How to feed your baby with healthy homemade meals :
Normal view MARC view ISBD view

How to feed your baby with healthy homemade meals : (Record no. 300670)

[ view plain ]
MARC details
000 -LEADER
fixed length control field 00765nam a2200241Ia 4500
008 - FIXED-LENGTH DATA ELEMENTS--GENERAL INFORMATION
fixed length control field 160819s9999 xx 000 0 und d
020 ## - INTERNATIONAL STANDARD BOOK NUMBER
International Standard Book Number 978-1-84476-252-1
050 ## - LIBRARY OF CONGRESS CALL NUMBER
Classification number CUL RJ 216
050 ## - LIBRARY OF CONGRESS CALL NUMBER
Item number .L49 2006
100 ## - MAIN ENTRY--PERSONAL NAME
Personal name Lewis, Sara.
245 ## - TITLE STATEMENT
Title How to feed your baby with healthy homemade meals :
245 ## - TITLE STATEMENT
Remainder of title give your baby the very best start in life with 50 easy-to-make step-by step tempting recipes for deciously wholesome purees and nutritional first solids /
245 ## - TITLE STATEMENT
Statement of responsibility, etc Sara Lewis.
260 ## - PUBLICATION, DISTRIBUTION, ETC. (IMPRINT)
Place of publication, distribution, etc London :
260 ## - PUBLICATION, DISTRIBUTION, ETC. (IMPRINT)
Name of publisher, distributor, etc Southwater,
260 ## - PUBLICATION, DISTRIBUTION, ETC. (IMPRINT)
Date of publication, distribution, etc 2006
300 ## - PHYSICAL DESCRIPTION
Extent 96 pages :
300 ## - PHYSICAL DESCRIPTION
Other physical details color illustrations ;
300 ## - PHYSICAL DESCRIPTION
Dimensions 28 cm.
500 ## - GENERAL NOTE
General note Includes index.
650 ## - SUBJECT ADDED ENTRY--TOPICAL TERM
Topical term or geographic name as entry element Infants -- Nutrition.
650 ## - SUBJECT ADDED ENTRY--TOPICAL TERM
General subdivision Children -- Nutrition.
Holdings
Withdrawn status Lost status Damaged status Home library Current library Shelving location Date acquired Cost, normal purchase price Total Checkouts Full call number Barcode Date last seen Price effective from Koha item type
      South Mansfield College South Mansfield College   01/10/2008 563.00   CUL RJ 216 .L49 2006 SMC04068 08/19/2016 08/19/2016  

How to feed your baby with healthy homemade meals :

APA

Lewis S., .How to feed your baby with healthy homemade meals. London: .

Chicago

Lewis Sara, .How to feed your baby with healthy homemade meals. London: .

Harvard

Lewis S., .How to feed your baby with healthy homemade meals. London: .

MLA

Lewis Sara, .London: . .

  • Place hold
  • Print
  • Cite
  • Add to your cart (remove)
  • Save record
    BIBTEX Dublin Core MARCXML MARC (non-Unicode/MARC-8) MARC (Unicode/UTF-8) MARC (Unicode/UTF-8, Standard) MODS (XML) RIS
  • More searches
    Search for this title in:
    Other Libraries (WorldCat) Other Databases (Google Scholar) Online Stores (Bookfinder.com) Open Library (openlibrary.org)

Exporting to Dublin Core...

SOUTHVILLE LIBRARY

Southville International School and Colleges Library

1281 Tropical Ave. Cor. Luxembourg St., BF Homes International, Las Pinas City

Tel. No. 8256374 / 252358 Loc. 117/146

Powered by Koha